ARRIVES RECORDS ARSENAL FC - Statistiques

Statistiques générales
  • Ce quiz a été pris 36 fois
  • Le résultat moyen est 12 sur 15
Statistiques - réponses
PRIX POSTE PAYS NOM % Correct
116 MILIEU ANGLAIS RICE
100%
63 BUTEUR GABON AUBAMEYANG
91%
66 BUTEUR SUEDE GYOKERES
91%
56 BUTEUR FRANCE LACAZETTE
88%
80 AILIER COTE IVOIRE PEPE
88%
75 BUTEUR ALLEMAND HAVERTZ
85%
45 MILIEU SUISSE XHAKA
85%
50 MILIEU GHANA PARTEY
82%
70 MILIEU ESPAGNOL ZUBIMENDI
79%
58 LATERAL ANGLAIS WHITE
74%
52 DEFENSEUR EQUATEUR HINCAPIE
71%
52 BUTEUR BRESIL GABRIEL JESUS
68%
69 MILIEU ANGLAIS EZE
65%
47 MILIEU ALLEMAND OZIL
59%
53 AILIER ANGLAIS MADUEKE
53%
Aucun quiz correspondant
Distribution des résultats
% des personnes avec chaque résultat
Percentile par nombre de réponses
Votre historique - résultats
Vous n’avez pas pris ce quiz